| 000 | 00432cam a2200157ua 4500 | ||
|---|---|---|---|
| 041 |
_aeng _h |
||
| 082 |
_a822 _bSHA/SA |
||
| 100 | _aShaw, Bernard . | ||
| 245 |
_aSaint Joan- a Chronicle and the apple cart: A Political extravaganza / _cBernard Shaw. _hTextual Documents |
||
| 250 |
_a1 / _b. |
||
| 260 |
_aLondon : _bConstable and Company Ltd , _c1961. |
||
| 300 | _a269 ; . | ||
| 504 | _a | ||
| 942 | _cBK | ||
| 999 |
_c7849 _d7849 |
||